00829nam a2200217 a 450000100100000000500170001000800410002702000150006804000250008308200150010810000370012324500550016026000790021530000200029449000290031450000730034370000270041683000380044395201130048199900170059400004394820201002045047.0140509s1991 sp 000 0 spa d a8479690674 aDO-SdBNPbspacBNPHU axxxxbxxxx1 aLondon, Jack,d1876-1916.93318010aDiablo /cJack London ; traductora Jacinta Romano. a[Madrid] :bCompañía Europea de Comunicación e Información,c1991. a94 p. ;c19 cm.1 aBiblioteca de El solv41 aIncluye referencias bibliográficas y notas al pie de las páginas12aRomano, Jacinta971888 0aBiblioteca de El sol ;n41971889 001050718MOaGRbGRcCTd2014-05-09iLF1l0oxxxx xxxxp43948-10r2020-06-25w2020-06-25y1ZNo se presta c43437d43437